| 000 | 00768nam a2200277Ia 4500 | ||
|---|---|---|---|
| 001 | 91911 | ||
| 003 | IT-RoPAU | ||
| 008 | 130308s9999 xx 000 0 und d | ||
| 040 | _aIT-RoPAU | ||
| 040 | _cIT-RoPAU | ||
| 041 | _aITALIANO | ||
| 100 | _aTroiani Lucio | ||
| 100 | _gCodice Aut. SPICS: 32131 | ||
| 245 | _aMissione nel mondo greco-romano (La) | ||
| 245 | _bMissione nel Mondo Antico e nella Bibbia (La) | ||
| 250 | _a1a ed. | ||
| 260 | _aBOLOGNA | ||
| 260 | _bEDB - Edizioni Dehoniane | ||
| 260 | _c1990 [1° Ed.:1990 - Ed.Ling.Originale:1988] | ||
| 300 | _a"15 p. (prefazione: no ; testo: 15 [pagine: 71-85])" | ||
| 650 | _aSTUDI/COMMENTI SULLA BIBBIA | ||
| 650 | _eCodice materia Spics: 9052 | ||
| 942 | _cBK | ||
| 957 | _71 | ||
| 999 |
_c86829 _d86829 |
||
| 999 | _g1 | ||